000
00228nam a22000977a 4500
003
OSt
008
211215b ||||| |||| 00| 0 eng d
100
_a
Sukumar Azhikode
_9
5138
245
_a
Purogamana sahithyavum mattum
942
_c
BK
999
_c
17485
_d
17485